ENERGIZE YOUR WORKPLACE HOW TO CREATE AN (Record no. 27147)
[ view plain ]
| 000 -LEADER | |
|---|---|
| fixed length control field | 00312nam a2200121Ia 4500 |
| 008 - FIXED-LENGTH DATA ELEMENTS--GENERAL INFORMATION | |
| fixed length control field | 240624s9999 xx 000 0 und d |
| 041 ## - LANGUAGE CODE | |
| Language code of text/sound track or separate title | eng |
| 082 ## - DEWEY DECIMAL CLASSIFICATION NUMBER | |
| Classification number | 658.4063 DUT |
| 100 ## - MAIN ENTRY--PERSONAL NAME | |
| Personal name | DUTTON JANE E |
| 245 ## - TITLE STATEMENT | |
| Title | ENERGIZE YOUR WORKPLACE HOW TO CREATE AN |
| 260 ## - PUBLICATION, DISTRIBUTION, ETC. | |
| Date of publication, distribution, etc. | 2003 |
| Place of publication, distribution, etc. | San Francisco |
| Name of publisher, distributor, etc. | Jossey Bass |
| 365 ## - TRADE PRICE | |
| Currency code | RS |
| Withdrawn status | Lost status | Damaged status | Not for loan | Home library | Current library | Shelving location | Date acquired | Cost, normal purchase price | Full call number | Barcode | Date last seen | Copy number | Price effective from | Koha item type |
|---|---|---|---|---|---|---|---|---|---|---|---|---|---|---|
| IMTN | IMTN | Rack 31-B | 04/21/2016 | 1953.00 | 658.4063 DUT | 27147 | 06/24/2024 | 1 | 06/24/2024 | Books |